Clickez sur les pays d'Europe - Statistiques

Statistiques générales
  • Ce quiz a été pris 216 fois
    164 depuis la dernière actualisation
  • Le résultat moyen est 9 sur 10
Answers on the Grid
Answers color-coded by a green-red scale on the quiz's grid according to % correct below.
Belgique
France
Égypte
Brésil
Lettonie
Russie
Lituanie
Espagne
Australie
Portugal
Algérie
Grèce
Royaume-Uni
États Unis d'Amérique
République Démocratique du Congo
Biélorussie
Indonésie
 
Statistiques - réponses
Réponse % Correct
Espagne
97%
France
97%
Belgique
96%
Portugal
95%
Lituanie
94%
Lettonie
93%
Royaume-Uni
92%
Russie
92%
Grèce
91%
Biélorussie
89%
Aucun quiz correspondant
Distribution des résultats
% des personnes avec chaque résultat
Percentile par nombre de réponses
Votre historique - résultats
Vous n’avez pas pris ce quiz depuis la dernière actualisation